| 000 | 00512nam a22001577a 4500 | ||
|---|---|---|---|
| 082 |
_a621.3 _bMEM |
||
| 100 |
_aMemon, Muntaha Ali (363047) _9122151 |
||
| 245 | _aRepurposing Rice Husk Biomass: Activated Porous Carbon for Electrode material of Supercapacitors with Enhanced Energy Storage/ | ||
| 264 |
_aIslamabad : _bUSPCAS-E, NUST _cMarch, 2024. |
||
| 300 |
_axvi, 74 p. _e+CD |
||
| 520 | _aTH-556 | ||
| 650 | _aMS ESE Thesis | ||
| 650 |
_aMS Thesis _918721 |
||
| 700 | _aDr. Ghulam Ali | ||
| 942 |
_2ddc _cTHE |
||
| 999 |
_c608696 _d608696 |
||